World's Most Polluted Countries - Statistics

General Stats
  • This quiz has been taken 62 times
  • The average score is 7 of 15
Answer Stats
Rank Polluted Country % Correct
3 India
96%
2 Pakistan
86%
1 Bangladesh
79%
8 Nepal
64%
14 Indonesia
63%
6 Iraq
63%
9 Egypt
50%
10 Democratic Republic of the Congo
48%
7 United Arab Emirates
43%
11 Kuwait
38%
13 Qatar
38%
12 Bahrain
34%
4 Tajikistan
20%
15 Rwanda
13%
5 Burkina Faso
7%
No matching quizzes found
Score Distribution
Percent of People with Each Score
Percentile by Number Answered
Your Score History
You have not taken this quiz